Responses for show #3144 - Thursday, April 9, 1998

Contestants

[<< previous game]

David Case, a video archivist from West Lafayette, Indiana

Naomi Freeman, an international trade specialist from Bethesda, Maryland

Marsha Allen, an astronomer originally from St. Louis, Missouri (whose 1-day cash winnings total $12,201)

[next game >>]

Jeopardy! Round responses

THE ORDINARY JOE
BLOOD TEST
1980s FADS
FLINCHIUS THE GLADIATOR
HELLO, DALAI
NOW THAT'S COMEDY
    $100 21
(Alex: Minute to go.)

oxygen

David
    $100 12
Flashdance

Naomi
    $100 1
(Marsha: What's the gladius?)
(Alex: The gladius? Well, gladius is the Latin for [*], so we will accept that. We wanted [*] as a response. May I caution all of you that from now on, please give your responses in English, not in Latin, because we're going to be in deep trouble.)
[Laughter]

sword

Marsha
    $100 4
the Peace Prize

David
    $100 9
Woody Allen

Naomi
    $200 22
Sixpack

Naomi
    $200 23
the brain

Naomi
    $200 13
quiche

Marsha
    $200 2
a thumb

Marsha
    $200 7
(Marsha: Who is Brad Pitt?)

Richard Gere

MarshaNaomi
    $200 16
(Naomi: What is the, uh, Ten Best?)

the Top Ten List

NaomiDavid
    $300 27
[The end-of-round signal sounds.]

John Doe

Triple Stumper
    $300 24
Rh

Naomi
    $300 14
Boy George

Marsha
    $300 3
the Colosseum

Naomi
    $300 8
the Buddha

David
    $500 17
(Alex: David?)
(David: What are taxis?)
(Alex: Oh! Close! But no cigar. What are [*]? They train for that. They watch you running up and then they pull away from the curb.)

buses

David
    $400 25
leeches

Naomi
    $400 15
Cabbage Patch (Kids)

David
    $400 5
the trident

Marsha
    $400 10
(David: What is Tibet?)

India

NaomiDavid
    $400 18
Benny Hill

Marsha
    $500 26
AB

David
    $500 20
(Leona) Helmsley

Marsha
    $500 6
Constantine

Naomi
    $500 11
Seven Years in Tibet

Marsha
    $500 19
a spit take

Marsha

Scores at the first commercial break (after clue 11):

Marsha Naomi David
$1,000 $1,500 $0

Scores at the end of the Jeopardy! Round:

Marsha Naomi David
$2,900 $2,500 $700

Double Jeopardy! Round responses

EXTRAORDINARY JOES
MASTERPIECES OF ART
IT HAPPENED ONE NIGHT
MORE SHAKESPEARE: GET USED TO IT
CELEBRITY EXES
"O"s
    $200 9
Joe Frazier

Marsha
    $200 1
George Washington

Naomi
    $200 7
New York City

Marsha
    $200 13
Desi Arnaz & Lucille Ball

Naomi
    $200 2
oath

Marsha
    $400 22
Joe Kennedy

Marsha
    $400 3
Pablo Picasso

David
    $400 8
(N: What is Concord?)
(Alex: Never got as far as Concord)

Lexington

NaomiDavid
    $400 14
(D: Who is Nick Nolte?)
(Alex: He was in the film, but not married to Streisand)

Elliott Gould

David
Triple Stumper
    $400 15
orchard

Marsha
    $600 23
bananas

Marsha
    $600 4
Marat

David
    $600 10
Valdez

Marsha
    $2,000 28
(buzzer sounds)

Romeo And Juliet (the death of Mercutio)

Marsha
    $600 16
Ethel Merman

David
    $600 19
octave

Marsha
    $800 24
The Clash

Triple Stumper
    $800 5
Paul Gauguin

Naomi
    $800 11
Kristallnacht

David
    $800 27
The Merry Wives of Windsor

Marsha
    $800 17
Marsha Mason

Marsha
    $1,000 20
obelisk

Marsha
    $1000 25
(we have less than a minute to go....)

Joseph McCarthy ("McCarthyism")

David
    $1000 6
Charles I

Marsha
    $1000 12
"Saturday Night Massacre"

Marsha
    $1000 26
Troilus & Cressida

Triple Stumper
    $1000 18
Linda Evans

Triple Stumper
    $1000 21
osprey

Marsha

Scores at the end of the Double Jeopardy! Round:

Marsha Naomi David
$13,700 $3,300 $4,100
(lock game)

[wagering suggestions for these scores]

Final Jeopardy! Round responses

CABLE TV
(Alex: We all watch it!)
NaomiWhat is Biography?
$3,280
DavidWhat is Biography?
$2,500
MarshaWhat is
$5,000
Biography

Final scores:

Marsha Naomi David
$8,700 $6,580 $6,600
2-day champion: $20,901 3rd place: Pair of Wittnauer International Watches 2nd place: Trip to Buena Vista Palace Resort, Orlando, Florida

Game dynamics:

Coryat scores:

Marsha Naomi David
$12,100 $3,300 $4,600
24 R
(including 2 DDs),
1 W
13 R,
2 W
12 R,
3 W
(including 1 DD)

Combined Coryat: $20,000

The J! Archive is created by fans, for fans. The Jeopardy! game show and all elements thereof, including but not limited to copyright and trademark thereto, are the property of Jeopardy Productions, Inc. and are protected under law. This website is not affiliated with, sponsored by, or operated by Jeopardy Productions, Inc. Join the discussion at JBoard.tv.